00360nam a2200145Ia 4500008004100000082001800041100002000059245002300079260001800102365000800120600002000128630002300148700002000171730002300191110201s9999 xx 000 0 und d bB10096aE 595 aTrebinski Erral aSilence Will Speak bGratton Books b200 aTrebinski Erral aSilence Will Speak aTrebinski Erral aSilence Will Speak